Didáctica de la historia y de la geografía

Salvato in:
Dettagli Bibliografici
Autori principali: Leif, Joseph (Autore), Rustin, G (Autore)
Natura: Libro
Lingua:spagnolo
Pubblicazione: Buenos Aires Kapelusz 1974
Serie:Biblioteca de Cultura Pedagógica, 69
Soggetti:
Tags: Aggiungi Tag
Nessun Tag, puoi essere il primo ad aggiungerne!!

MARC

LEADER 00000nam a2200000 a 4500
001 UCW5929
003 CL-VaPUC
008 910829e19740000AG |||||||||||||||||spa|d
082 0 4 |a 372.89  |b LEI  |2 21 
100 |a Leif, Joseph  |e author  |9 333161 
700 0 |a Rustin, G  |e author  |9 310977 
245 1 0 |a Didáctica de la historia y de la geografía 
300 |a 142 p 
942 |c BK 
945 |d 19910829 00:00:00 
260 |a Buenos Aires  |b Kapelusz  |c 1974 
650 0 |a Enseñanza de la historia   |9 307330 
650 0 |a Educación básica   |9 224933 
650 0 |a Enseñanza de la geografía  |9 310005 
583 |a last modification  |c 20141230 02:04:36  |k Rodrigo Vera 
490 0 |a Biblioteca de Cultura Pedagógica, 69 
999 |c 219206  |d 219204 
952 |0 0  |1 0  |4 0  |6 372_890000000000000_LEI_1974  |7 0  |8 A  |9 209831  |a BIBHIS  |b BIBHIS  |d 2019-11-15  |i 2777479  |o 372.89 LEI 1974  |p 2777479  |r 2025-01-20  |w 2019-11-15  |y BK  |k HIS 
952 |0 0  |1 0  |4 0  |6 372_890000000000000_LEI_1974  |7 0  |8 P  |9 209832  |a BIBEDU  |b BIBEDU  |c BIBEDU_PB  |d 2019-11-15  |i 2777495  |o 372.89 LEI 1974  |p 2777495  |r 2024-01-25  |w 2019-11-15  |y BK  |k EDU 
952 |0 0  |1 0  |4 0  |6 372_890000000000000_LEI_1974  |7 0  |8 P  |9 209833  |a BIBEDU  |b BIBEDU  |c BIBEDU_PB  |d 2019-11-15  |i 2777509  |o 372.89 LEI 1974  |p 2777509  |r 2024-01-25  |w 2019-11-15  |y BK  |k EDU 
952 |0 0  |1 0  |4 0  |6 372_890000000000000_LEI_1974  |7 0  |8 P  |9 209834  |a BIBEDU  |b BIBEDU  |c BIBEDU_PB  |d 2019-11-15  |i 2777525  |o 372.89 LEI 1974  |p 2777525  |r 2024-01-25  |w 2019-11-15  |y BK  |k EDU 
952 |0 0  |1 0  |4 0  |6 372_890000000000000_LEI_1974  |7 0  |8 P  |9 209835  |a BIBEDU  |b BIBEDU  |c BIBEDU_PB  |d 2019-11-15  |i 153694K  |o 372.89 LEI 1974  |p 153694K  |r 2024-01-25  |w 2019-11-15  |y BK  |k EDU 
952 |0 0  |1 0  |4 0  |6 372_890000000000000_LEI_1974  |7 0  |8 P  |9 209836  |a BIBEDU  |b BIBEDU  |c BIBEDU_PB  |d 2019-11-15  |i 1538063  |o 372.89 LEI 1974  |p 1538063  |r 2024-01-25  |w 2019-11-15  |y BK  |k EDU